header

American folk decoration, (Record no. 255967)

MARC details
000 -LEADER
fixed length control field 00857cam a22002771 4500
001 - CONTROL NUMBER
control field 748130
003 - CONTROL NUMBER IDENTIFIER
control field OSt
005 - DATE AND TIME OF LATEST TRANSACTION
control field 20170303101407.0
008 - FIXED-LENGTH DATA ELEMENTS--GENERAL INFORMATION
fixed length control field 800909s1951 nyua b 001 0 eng
010 ## - LIBRARY OF CONGRESS CONTROL NUMBER
LC control number 51011035
020 ## - INTERNATIONAL STANDARD BOOK NUMBER
International Standard Book Number 0486222179
040 ## - CATALOGING SOURCE
Original cataloging agency DLC
Transcribing agency DLC
Modifying agency DLC
043 ## - GEOGRAPHIC AREA CODE
Geographic area code n-us---
050 00 - LIBRARY OF CONGRESS CALL NUMBER
Classification number NK806
Item number .L5 1951
082 00 - DEWEY DECIMAL CLASSIFICATION NUMBER
Classification number 745/.0973
Edition number 19
100 1# - MAIN ENTRY--PERSONAL NAME
Personal name Lipman, Jean,
245 10 - TITLE STATEMENT
Title American folk decoration,
Statement of responsibility, etc by Jean Lipman, with practical instruction by Eve Meulendyke.
260 ## - PUBLICATION, DISTRIBUTION, ETC. (IMPRINT)
Place of publication, distribution, etc New York,
Name of publisher, distributor, etc Oxford University Press,
Date of publication, distribution, etc 1951.
300 ## - PHYSICAL DESCRIPTION
Extent xii, 163 p.
Other physical details illus. (part col.)
Dimensions 29 cm.
504 ## - BIBLIOGRAPHY, ETC. NOTE
Bibliography, etc Bibliography: p. 157-159.
650 #0 - SUBJECT ADDED ENTRY--TOPICAL TERM
Topical term or geographic name as entry element Decoration and ornament, Rustic
Geographic subdivision United States.
Topical term or geographic name as entry element Folk art
Geographic subdivision United States.
700 1# - ADDED ENTRY--PERSONAL NAME
Personal name Meulendyke, Eve.
906 ## - LOCAL DATA ELEMENT F, LDF (RLIN)
a 7
b cbc
c orignew
d u
e ocip
f 19
g y-gencatlg
942 ## - ADDED ENTRY ELEMENTS (KOHA)
Source of classification or shelving scheme Library of Congress Classification
Koha item type Long Loan Books
Holdings
Withdrawn status Lost status Source of classification or shelving scheme Damaged status Not for loan Collection code Home library Current library Shelving location Date acquired Total Checkouts Full call number Barcode Date last seen Price effective from Koha item type
    Library of Congress Classification     Non-fiction Rongo University Library Rongo University Library General Stacks 03/03/2017   NK806 .L5 1951 201615896 03/03/2017 03/03/2017 Long Loan Books

© 2026 Rongo University
Contact us: librarian | system librarian | Rongo university